Tiếp thị thực hành cạnh tranh bằng hiệu quả

Na minha lista:
Detalhes bibliográficos
Outros Autores: Vũ Thu Phương; Đỗ Thùy Vân
Idioma:Undetermined
Publicado em: Hà Nội Giao thông vận tải 2007
Assuntos:
Tags: Adicionar Tag
Sem tags, seja o primeiro a adicionar uma tag!
Thư viện lưu trữ: Trung tâm Học liệu Trường Đại học Trà Vinh
LEADER 00634nam a2200217Ia 4500
001 TVU_4367
008 210423s9999 xx 000 0 und d
041 |a Vie 
082 |a 658.8 
082 |b V121 
245 0 |a Tiếp thị thực hành cạnh tranh bằng hiệu quả 
245 0 |c Vũ Thu Phương, Đỗ Thùy Vân (biên dịch) 
260 |a Hà Nội 
260 |b Giao thông vận tải 
260 |c 2007 
300 |a 367 tr. 
300 |c 21 cm 
650 |a Tiếp thị; Cạnh tranh 
700 |a Vũ Thu Phương; Đỗ Thùy Vân  
700 |e biên dịch 
980 |a Trung tâm Học liệu Trường Đại học Trà Vinh